| 000 | 00773nam a22002417a 4500 | ||
|---|---|---|---|
| 999 |
_c15096 _d15096 |
||
| 003 | AR-CdUCM | ||
| 008 | 190425b ||||| |||| 00| 0 spa d | ||
| 020 | _a978-84-9145-065-8 | ||
| 040 |
_aMUNICIPALIDAD PROVINCIAL DEL CUSCO _cBIBLIOTECA MUNICIPAL DEL CUSCO |
||
| 041 | _hita | ||
| 082 |
_aPI / 376.1 / _bV49 |
||
| 100 |
_aVergari, Luana _934122 |
||
| 245 | _aMamá tiene un bebé en la barriga / | ||
| 260 |
_aBarcelona : _bEdiciones Obelisco, _c2017. |
||
| 300 |
_a29 páginas ; _bilustraciones, _c24 cm. |
||
| 650 |
_aLiteratura infantil _9588 |
||
| 650 |
_aTexto infantil _929090 |
||
| 650 |
_aAprendizaje infantil _933271 |
||
| 700 |
_aCiraolo, Simona (ilustraciones) _934123 |
||
| 710 |
_aPicarona. _933209 |
||
| 942 |
_2ddc _cLIBROS |
||
| 945 |
_aachl _d2019-04-25 |
||